[Event "EU-chT Seniors 03rd"]
[Site "Dresden"]
[Date "2001.02.28"]
[Round "4.3"]
[White "Funk, Paul"]
[Black "Lieb, Harald"]
[Result "1-0"]
[WhiteElo "2133"]
[BlackElo "2229"]
[EventDate "2001.02.26"]
[PlyCount "49"]

1.d4 Nf6 2.Nf3 g6 3.c4 Bg7 4.Nc3 d5 5.e3 O-O 6.Be2 dxc4 7.Bxc4 c5 8.O-O 
cxd4 9.exd4 Bg4 10.Be3 Nbd7 11.h3 Bxf3 12.Qxf3 Nb6 13.Bb3 Qd7 14.d5 Rac8 
15.Rad1 Nc4 16.Bxc4 Rxc4 17.Bxa7 Rb4 18.Bd4 Rxb2 19.d6 Re8 20.dxe7 Qxe7 
21.Nd5 Nxd5 22.Bxb2 Bxb2 23.Rxd5 Qe6 24.Rb1 Qe2 25.Rd8 1-0

[Event "EU-chT Seniors 03rd"]
[Site "Dresden"]
[Date "2001.02.28"]
[Round "4.3"]
[White "Gradl, Rudolf"]
[Black "Appelt, Gerd"]
[Result "0-1"]
[WhiteElo "1687"]
[BlackElo "1991"]
[EventDate "2001.02.26"]
[PlyCount "80"]

1.d4 Nf6 2.Nf3 b6 3.Bg5 e6 4.e3 Be7 5.Bd3 Bb7 6.Nbd2 O-O 7.Qe2 h6 8.Bh4 d5
9.Ne5 c5 10.c3 Nfd7 11.Bxe7 Qxe7 12.f4 Nc6 13.O-O-O Ndxe5 14.fxe5 Rac8 15.
Qh5 cxd4 16.exd4 Nxd4 17.Kb1 Nc6 18.Nf3 f5 19.Rhg1 Qe8 20.Qh3 Rc7 21.g4 
fxg4 22.Rxg4 Rxf3 23.Qxf3 Nxe5 24.Qg3 Nxg4 25.Qxc7 Bc8 26.Rg1 e5 27.Be2 
Bf5+ 28.Kc1 Qh5 29.Qd8+ Kh7 30.h4 Qf7 31.Rf1 h5 32.Qg5 g6 33.Bd3 e4 34.Bc2
Nh2 35.Rf2 Nf3 36.Qf4 Qe7 37.Qe3 Qxh4 38.Bd1 Ne5 39.Be2 Bg4 40.Rf8 Qe1+ 
0-1

[Event "EU-chT Seniors 03rd"]
[Site "Dresden"]
[Date "2001.02.28"]
[Round "4.3"]
[White "Groiss, Karl"]
[Black "Salzmann, Helmut"]
[Result "0-1"]
[WhiteElo "1885"]
[BlackElo "1926"]
[EventDate "2001.02.26"]
[PlyCount "64"]

1.d4 d5 2.c4 dxc4 3.Nc3 e6 4.e4 c5 5.d5 exd5 6.Nxd5 a6 7.a4 Nc6 8.Bxc4 Nf6
9.f3 Ne5 10.Nxf6+ Qxf6 11.Bd5 Be7 12.Ne2 O-O 13.O-O Rd8 14.Qc2 Nc6 15.Bxc6
Qxc6 16.Be3 b6 17.Nc3 Be6 18.Rfd1 Bf6 19.Rxd8+ Rxd8 20.Rd1 g6 21.Rxd8+ 
Bxd8 22.Qd3 Qc8 23.Bh6 Bf6 24.Qd6 Qd8 25.e5 Qxd6 26.exd6 Be5 27.Ne4 f5 28.
Ng5 Bd7 29.b3 Bxd6 30.Kf2 Bc6 31.Ne6 Bd5 32.Nd8 Be7 0-1

[Event "EU-chT Seniors 03rd"]
[Site "Dresden"]
[Date "2001.02.28"]
[Round "4.3"]
[White "Harzer, Paul"]
[Black "Krawiec, Witold"]
[Result "1/2-1/2"]
[WhiteElo "2066"]
[BlackElo "2000"]
[EventDate "2001.02.26"]
[PlyCount "32"]

1.d4 d5 2.e3 Nf6 3.Nf3 e6 4.Nbd2 c5 5.c3 a6 6.Bd3 Qc7 7.O-O Bd6 8.dxc5 
Bxc5 9.e4 dxe4 10.Nxe4 Nxe4 11.Bxe4 Bd7 12.Qe2 Bc6 13.Rd1 Nd7 14.Bg5 Bxe4 
15.Qxe4 Nf6 16.Qe2 O-O 1/2-1/2

[Event "EU-chT Seniors 03rd"]
[Site "Dresden"]
[Date "2001.02.28"]
[Round "4.3"]
[White "Kohlschmidt, Christoph"]
[Black "Neubert, Gerhard"]
[Result "0-1"]
[WhiteElo "1826"]
[BlackElo "1849"]
[EventDate "2001.02.26"]
[PlyCount "135"]

1.e4 c5 2.Nf3 g6 3.d4 Bg7 4.c3 cxd4 5.cxd4 Nf6 6.Nc3 O-O 7.e5 Ne8 8.h4 d6 
9.h5 dxe5 10.hxg6 hxg6 11.dxe5 Qxd1+ 12.Nxd1 Nc6 13.Bf4 Bg4 14.Ng5 Nc7 15.
Ne3 Be6 16.Nf3 Rfd8 17.a3 Nd5 18.Nxd5 Bxd5 19.Be2 Bxf3 20.Bxf3 Nxe5 21.
Bxe5 Bxe5 22.Rb1 Rd7 23.O-O Rc8 24.Rfe1 Bg7 25.Bg4 f5 26.Bd1 Kf8 27.Bf3 b6
28.b3 Rc2 29.Rbd1 Rdd2 30.Rxd2 Rxd2 31.Rd1 Rxd1+ 32.Bxd1 Bd4 33.Kf1 e5 34.
f3 Ke7 35.Ke2 Kd6 36.Kd3 Kd5 37.Be2 e4+ 38.Kc2 Ke5 39.fxe4 Kxe4 40.Bf3+ 
Ke3 41.Bb7 g5 42.a4 a5 43.Bc6 Kf2 44.Kd3 Bc5 45.Bd5 g4 46.Bc6 f4 47.Kd2 f3
48.gxf3 g3 49.f4 g2 50.Bxg2 Kxg2 51.Kd3 Kf3 52.f5 Kg4 53.f6 Kg5 54.f7 Kf6 
55.Ke4 Kxf7 56.Kf5 Bd6 57.Ke4 Kf6 58.Kd5 Bh2 59.Kc6 Bg1 60.Kd5 Kf5 61.Kc4 
Ke4 62.b4 Bh2 63.Kb5 axb4 64.Kxb4 Bc7 65.Kc4 Ke5 66.Kc3 Kd5 67.Kb4 Kc6 68.
Kc4 0-1

[Event "EU-chT Seniors 03rd"]
[Site "Dresden"]
[Date "2001.02.28"]
[Round "4.3"]
[White "Morgner, Siegfried"]
[Black "Hauswald, Gerd"]
[Result "1-0"]
[WhiteElo "1662"]
[BlackElo "1322"]
[EventDate "2001.02.26"]
[PlyCount "107"]

1.Nf3 Nf6 2.d4 g6 3.c4 d6 4.Nc3 Bg7 5.e4 O-O 6.h3 b6 7.Be2 Bb7 8.Qc2 Na6 
9.a3 c5 10.d5 Nc7 11.O-O Nd7 12.Rd1 Ne5 13.Nxe5 Bxe5 14.Bh6 Bg7 15.Qd2 Bc8
16.h4 Bd7 17.h5 Qc8 18.Bxg7 Kxg7 19.Qg5 f6 20.Qg3 Qe8 21.f4 Kh8 22.Qh4 Rg8
23.Rd3 Qf8 24.hxg6 Rxg6 25.f5 Rh6 26.Qf4 Be8 27.b4 Na6 28.b5 Nc7 29.Rb1 
Rb8 30.a4 a5 31.Rb3 Bf7 32.Rg3 Ne8 33.Nd1 Bh5 34.Rbe3 Bxe2 35.Rxe2 Rh5 36.
Ree3 Qh6 37.Qxh6 Rxh6 38.Rg4 Ng7 39.Reg3 Rg8 40.Nf2 Rh5 41.Nh3 h6 42.Nf4 
Rg5 43.Ng6+ Kh7 44.Nxe7 Re8 45.Rxg5 fxg5 46.f6 Nh5 47.Rf3 Nxf6 48.Rxf6 
Rxe7 49.Rxd6 Rxe4 50.Rxb6 Rxc4 51.d6 Rxa4 52.d7 Rd4 53.Rb7 Kg6 54.b6 1-0

[Event "EU-chT Seniors 03rd"]
[Site "Dresden"]
[Date "2001.02.28"]
[Round "4.3"]
[White "Scheipl, Ralf"]
[Black "Arkhangelsky, Boris"]
[Result "0-1"]
[WhiteElo "2295"]
[BlackElo "2400"]
[EventDate "2001.02.26"]
[PlyCount "135"]

1.e4 c5 2.c3 Nf6 3.e5 Nd5 4.d4 cxd4 5.Nf3 e6 6.cxd4 b6 7.Nc3 Nxc3 8.bxc3 
Qc7 9.Bd2 Bb7 10.Bd3 d6 11.O-O Nd7 12.Re1 dxe5 13.Nxe5 Nxe5 14.Rxe5 Bd6 
15.Bb5+ Bc6 16.Qf3 Rc8 17.Bxc6+ Qxc6 18.d5 Qb7 19.Rh5 e5 20.Re1 f6 21.Re4 
Rc5 22.c4 b5 23.Qf5 bxc4 24.Qe6+ Qe7 25.Rxh7 Rxh7 26.Qg8+ Qf8 27.Qxh7 c3 
28.Bc1 Rxd5 29.Re1 Bb4 30.a3 Ba5 31.Qc2 Qd6 32.h4 Kd8 33.h5 Rd3 34.Be3 Bb6
35.Bxb6+ axb6 36.Qb3 Kc7 37.Re4 Qd5 38.Qb4 Kb7 39.Rc4 Qd7 40.Rxc3 Rxc3 41.
Qxc3 Qd1+ 42.Kh2 Qxh5+ 43.Kg1 Qd1+ 44.Kh2 Qd4 45.Qc2 e4 46.Qb3 g5 47.Kg1 
Ka6 48.a4 Qa1+ 49.Kh2 Qe5+ 50.Kg1 Ka5 51.g4 Qc5 52.Kg2 f5 53.gxf5 Qxf5 54.
Qc4 Qf3+ 55.Kg1 Qd3 56.Qc6 e3 57.fxe3 Qxe3+ 58.Kg2 Qc5 59.Qa8+ Kb4 60.Qa6 
Ka3 61.Kg3 Qd4 62.Kg2 Qd5+ 63.Kg3 Qd4 64.Kg2 Qg4+ 65.Kf2 Qf4+ 66.Kg2 Qe3 
67.Qa7 g4 68.a5 0-1

[Event "EU-chT Seniors 03rd"]
[Site "Dresden"]
[Date "2001.02.28"]
[Round "4.4"]
[White "Abendroth, Guenter"]
[Black "Piekarz, Peter"]
[Result "1/2-1/2"]
[WhiteElo "2167"]
[BlackElo "2024"]
[EventDate "2001.02.26"]
[PlyCount "59"]

1.e4 d5 2.exd5 Qxd5 3.Nc3 Qa5 4.g3 c6 5.Bg2 Nf6 6.Nf3 Bg4 7.O-O e6 8.h3 
Bxf3 9.Qxf3 Nbd7 10.d3 Bd6 11.Bd2 Qc7 12.Rfe1 O-O 13.Ne4 Nxe4 14.Rxe4 e5 
15.Qf5 g6 16.Rg4 Kh8 17.Qg5 f6 18.Qh6 Rg8 19.Rh4 Nf8 20.Bc3 Ne6 21.Qe3 Bc5
22.Qe2 Rad8 23.Kh1 Nd4 24.Qd2 Qf7 25.Re4 Rde8 26.Rae1 Nf5 27.Kh2 Nd6 28.
R4e2 Kg7 29.b3 Nf5 30.a4 1/2-1/2

[Event "EU-chT Seniors 03rd"]
[Site "Dresden"]
[Date "2001.02.28"]
[Round "4.4"]
[White "Bakhmatov, Eduard"]
[Black "Shabanov, Yuri"]
[Result "1-0"]
[WhiteElo "2246"]
[BlackElo "2467"]
[EventDate "2001.02.26"]
[PlyCount "53"]

{Schach Magazin 64 Heft 6/2001 Seite 157} 
1.e4 d6 2.d4 Nf6 3.Nc3 g6 4.Bg5 c6 5.Qd2 b5 6.Bd3 Nbd7 7.f4 Nb6 8.Nf3 Bg4 
9.O-O Bg7 10.Rae1 O-O 11.f5 d5 12.e5 b4 13.exf6 exf6 14.Bf4 bxc3 15.Qxc3 
Bxf3 16.Rxf3 Re8 17.Rxe8+ Qxe8 18.Re3 Qd7 19.Qe1 Bf8 20.Qh4 Bg7 {Schwarz 
kann die vielfältigen Drohungen nur mit Mühe abwehren.} 21.Rh3 g5 22.Qxh7+
Kf8 23.Bd2 a5 24.b3 Qd6 25.Re3 Qa3 26.h4 gxh4 27.Re1 {Die Drohung Bh6 
entscheidet die Partie und zwang Schwarz zur Aufgabe.} 1-0

[Event "EU-chT Seniors 03rd"]
[Site "Dresden"]
[Date "2001.02.28"]
[Round "4.4"]
[White "Belov, Vadim G"]
[Black "Winiwarter, Felix"]
[Result "0-1"]
[WhiteElo "2308"]
[BlackElo "2269"]
[EventDate "2001.02.26"]
[PlyCount "56"]

1.e4 e6 2.d4 d5 3.e5 c5 4.c3 Nc6 5.Nf3 Qb6 6.a3 c4 7.g3 Bd7 8.Bh3 f6 9.
exf6 Nxf6 10.Qe2 Bd6 11.Bxe6 O-O-O 12.Bxd7+ Rxd7 13.O-O Re7 14.Qd1 Rf8 15.
Nbd2 Qc7 16.Re1 Rxe1+ 17.Nxe1 Qd7 18.Kg2 g5 19.h3 g4 20.hxg4 Nxg4 21.Nef3 
Ne7 22.Nf1 Qf5 23.Qe2 Ng6 24.Ne3 Qe4 25.Bd2 N4e5 26.dxe5 Nxe5 27.Re1 Nxf3 
28.Nf1 Nxe1+ 0-1

[Event "EU-chT Seniors 03rd"]
[Site "Dresden"]
[Date "2001.02.28"]
[Round "4.4"]
[White "Kalmutzki, Manfred"]
[Black "Schmitthoefer, Herbert"]
[Result "0-1"]
[WhiteElo "1783"]
[BlackElo "1738"]
[EventDate "2001.02.26"]
[PlyCount "112"]

1.d4 Nf6 2.e3 g6 3.f4 Bg7 4.Nf3 d6 5.Bd3 c5 6.c3 cxd4 7.exd4 Nc6 8.O-O O-O
9.Qc2 Bg4 10.h3 Bxf3 11.Rxf3 Rc8 12.Qf2 e5 13.dxe5 dxe5 14.Bc2 Nh5 15.g3 
Qc7 16.Na3 exf4 17.gxf4 a6 18.Be3 Ne7 19.Rd1 Rfd8 20.Rxd8+ Qxd8 21.Bb6 Qd6
22.Be4 Nd5 23.Bxd5 Qxd5 24.c4 Qd1+ 25.Qf1 Qxf1+ 26.Kxf1 Bxb2 27.c5 Bxa3 
28.Rxa3 Nxf4 29.Kf2 Nd5 30.Kf3 Nxb6 31.cxb6 Rc6 32.Rb3 f5 33.Kf4 Kf7 34.
Ke5 Ke7 35.Kd5 f4 36.Ke4 g5 37.h4 h6 38.hxg5 hxg5 39.Kf5 Rc5+ 40.Kg4 Kd6 
41.a4 Kc6 42.Kh5 Ra5 43.Kg4 Re5 44.Rb2 a5 45.Rb1 Re4 46.Kxg5 Rxa4 47.Re1 
Kxb6 48.Re6+ Ka7 49.Kg4 Rb4 50.Kf3 a4 51.Rd6 b5 52.Ke2 Rc4 53.Kd3 a3 54.
Rd5 Kb6 55.Rd8 a2 56.Rb8+ Kc5 0-1

[Event "EU-chT Seniors 03rd"]
[Site "Dresden"]
[Date "2001.02.28"]
[Round "4.4"]
[White "Lenk, Wolfgang"]
[Black "Rodemann, Edmund"]
[Result "1/2-1/2"]
[WhiteElo "2059"]
[BlackElo "1945"]
[EventDate "2001.02.26"]
[PlyCount "38"]

1.e4 c6 2.d4 d5 3.Nc3 dxe4 4.Nxe4 Bf5 5.Ng3 Bg6 6.Bc4 e6 7.N1e2 Bd6 8.Bf4 
Ne7 9.O-O h6 10.c3 O-O 11.Qd2 Qc7 12.Rfe1 Nd7 13.Rad1 Nf6 14.Bxd6 Qxd6 15.
Nf4 Nfd5 16.Bxd5 cxd5 17.Re5 Bh7 18.Rde1 Ng6 19.Nxg6 Bxg6 1/2-1/2

[Event "EU-chT Seniors 03rd"]
[Site "Dresden"]
[Date "2001.02.28"]
[Round "4.4"]
[White "Oelert, Ralf"]
[Black "Koller, Karl"]
[Result "1/2-1/2"]
[WhiteElo "1849"]
[BlackElo "1804"]
[EventDate "2001.02.26"]
[PlyCount "46"]

1.e4 e5 2.Nc3 Nc6 3.f4 exf4 4.Nf3 d6 5.d4 Bg4 6.Bxf4 Qf6 7.Nd5 Qd8 8.Bb5 
a6 9.Ba4 b5 10.Bb3 Na5 11.c3 Nxb3 12.Qxb3 Be7 13.O-O Nf6 14.Nxe7 Qxe7 15.
e5 dxe5 16.Bxe5 O-O 17.Rae1 Be6 18.Qc2 Nd5 19.Bg3 Rae8 20.b3 c5 21.Re5 
cxd4 22.Nxd4 Qd7 23.Rd1 Bg4 1/2-1/2

[Event "EU-chT Seniors 03rd"]
[Site "Dresden"]
[Date "2001.02.28"]
[Round "4.4"]
[White "Tochtermann, Georg"]
[Black "Gafke, Manfred"]
[Result "1-0"]
[WhiteElo "1905"]
[BlackElo "1699"]
[EventDate "2001.02.26"]
[PlyCount "51"]

1.e4 c5 2.Nc3 d6 3.g3 Bd7 4.Bg2 Nc6 5.Nge2 Nf6 6.O-O g6 7.d3 Bg7 8.h3 O-O 
9.f4 Qc7 10.g4 e6 11.Ng3 Nd4 12.Be3 Rac8 13.Qd2 Bc6 14.f5 exf5 15.gxf5 b5 
16.Nd1 d5 17.Bf4 Qd7 18.c3 dxe4 19.dxe4 gxf5 20.cxd4 Nxe4 21.Nxe4 Bxd4+ 
22.Be3 fxe4 23.Bxd4 cxd4 24.Qg5+ Kh8 25.Qe5+ Kg8 26.Qf6 1-0

[Event "EU-chT Seniors 03rd"]
[Site "Dresden"]
[Date "2001.02.28"]
[Round "4.4"]
[White "Van Houten, Henk"]
[Black "Zanger, Konrad"]
[Result "1-0"]
[WhiteElo "1750"]
[BlackElo "1679"]
[EventDate "2001.02.26"]
[PlyCount "91"]

1.e4 c5 2.c4 d6 3.Nc3 Nc6 4.h3 g6 5.g4 Bg7 6.Bg2 Nf6 7.Nge2 a6 8.Ng3 Rb8 
9.a4 e5 10.d3 Nd4 11.Nce2 Nc6 12.Bd2 Bd7 13.g5 Ng8 14.Qc1 b5 15.axb5 axb5 
16.cxb5 Rxb5 17.Nc3 Rb8 18.Nge2 Nge7 19.f4 Nb4 20.Qb1 Nec6 21.O-O Qc8 22.
Kh2 h6 23.Rf3 hxg5 24.fxg5 Ra8 25.Ra3 Nd4 26.Nxd4 exd4 27.Nd5 Nxd5 28.exd5
Rb8 29.Bf4 Be5 30.Bxe5 dxe5 31.Ra7 Rb7 32.Qa2 O-O 33.Rf6 Qb8 34.Rxb7 Qxb7 
35.d6 Qb4 36.Rxg6+ Kh7 37.Rf6 c4 38.Qxc4 Qxc4 39.dxc4 Kg7 40.c5 Be6 41.c6 
Rd8 42.c7 Rxd6 43.Rxe6 Rxe6 44.c8=Q d3 45.Be4 d2 46.Qd7 1-0

[Event "EU-chT Seniors 03rd"]
[Site "Dresden"]
[Date "2001.02.28"]
[Round "4.4"]
[White "Wieckowski, Ryszard"]
[Black "Litterst, Reinhard"]
[Result "1/2-1/2"]
[WhiteElo "1930"]
[BlackElo "1930"]
[EventDate "2001.02.26"]
[PlyCount "81"]

1.c4 e5 2.Nc3 d6 3.g3 g6 4.Bg2 Bg7 5.e3 Ne7 6.Nge2 c6 7.O-O O-O 8.b3 f5 9.
Bb2 Na6 10.Rb1 Nc7 11.d4 e4 12.d5 c5 13.Na4 b6 14.Bxg7 Kxg7 15.Nac3 Bd7 
16.a4 a6 17.b4 Rb8 18.Qd2 Ng8 19.Rfd1 Qe7 20.Nf4 Nf6 21.Bf1 Ng4 22.Ne6+ 
Bxe6 23.dxe6 Rfd8 24.Nd5 Nxd5 25.cxd5 Ne5 26.Kg2 c4 27.Qd4 Rdc8 28.Rdc1 b5
29.axb5 axb5 30.Ra1 Rb7 31.Rc3 Kh6 32.Be2 Rcc7 33.f3 exf3+ 34.Bxf3 Nd3 35.
Be2 Ne5 36.Qf4+ Kg7 37.e4 fxe4 38.Qxe4 Ra7 39.Rxa7 Rxa7 40.h4 Ra2 41.Kh3 
1/2-1/2

[Event "EU-chT Seniors 03rd"]
[Site "Dresden"]
[Date "2001.03.01"]
[Round "5.1"]
[White "Alter, Helmut"]
[Black "Rudnik, Heinz"]
[Result "0-1"]
[WhiteElo "1784"]
[BlackElo "2089"]
[EventDate "2001.02.26"]
[PlyCount "82"]

1.d4 Nf6 2.e3 g6 3.Bd3 Bg7 4.f4 d6 5.Nf3 O-O 6.O-O Nc6 7.e4 Bg4 8.c3 d5 9.
Nbd2 dxe4 10.Nxe4 Qd5 11.Qe2 Rad8 12.Nxf6+ Bxf6 13.Be4 Qd7 14.Be3 Bg7 15.
h3 Bf5 16.Bxf5 Qxf5 17.Rae1 e6 18.Ne5 Qe4 19.Qf3 Qxf3 20.Rxf3 Ne7 21.Rff1 
Nd5 22.Bc1 b5 23.a3 a5 24.Rd1 Rfe8 25.Nf3 Bf8 26.g3 c5 27.Kg2 c4 28.Bd2 
Rb8 29.Ne5 Rb7 30.Kf2 Rc8 31.Ra1 b4 32.axb4 axb4 33.Rfb1 f6 34.Ng4 Rcb8 
35.Rc1 bxc3 36.Bxc3 Nxc3 37.Rxc3 Rxb2+ 38.Kf3 R8b3 39.Nxf6+ Kf7 40.Ne4 
Rxc3+ 41.Nxc3 Rb3 0-1

[Event "EU-chT Seniors 03rd"]
[Site "Dresden"]
[Date "2001.03.01"]
[Round "5.1"]
[White "Boehnisch, Manfred"]
[Black "Bednarski, Jacek B"]
[Result "1-0"]
[WhiteElo "2265"]
[BlackElo "2280"]
[EventDate "2001.02.26"]
[PlyCount "63"]

1.e4 e6 2.Nf3 d5 3.exd5 exd5 4.d4 Bf5 5.Bd3 Qe7+ 6.Be2 Nc6 7.O-O O-O-O 8.
Bb5 Qd6 9.Re1 h6 10.b3 g5 11.Ba3 Qg6 12.Bxf8 Rxf8 13.Bxc6 Qxc6 14.c4 dxc4 
15.Ne5 Qa6 16.Nc3 f6 17.Nxc4 Rh7 18.Na4 Kb8 19.Nc5 Qb5 20.a4 Qb4 21.Ne3 
Ne7 22.Nxf5 Nxf5 23.Qd3 Nxd4 24.Na6+ bxa6 25.Qxh7 Rd8 26.Rac1 Qd6 27.h3 f5
28.Qe7 f4 29.Kf1 Nxb3 30.Qxd6 Rxd6 31.Re8+ Kb7 32.Re7 {time noch einmal 
prüfen} 1-0

[Event "EU-chT Seniors 03rd"]
[Site "Dresden"]
[Date "2001.03.01"]
[Round "5.1"]
[White "Denda, Ronald"]
[Black "Stavenhagen, Johannes"]
[Result "1/2-1/2"]
[WhiteElo "1961"]
[BlackElo "1862"]
[EventDate "2001.02.26"]
[PlyCount "40"]

1.e4 d5 2.exd5 Qxd5 3.Nc3 Qa5 4.d4 Nf6 5.Bc4 Bf5 6.Bb3 e6 7.Bd2 c6 8.Nf3 
Nbd7 9.Qe2 Bb4 10.a3 Bxc3 11.Bxc3 Qc7 12.Ne5 Be4 13.O-O Bd5 14.Bxd5 cxd5 
15.f4 O-O 16.Rf3 Ne4 17.Qb5 Rfd8 18.g4 f6 19.Nxd7 Qxd7 20.Qxd7 Rxd7 
1/2-1/2

[Event "EU-chT Seniors 03rd"]
[Site "Dresden"]
[Date "2001.03.01"]
[Round "5.1"]
[White "Eskandary, Jahja"]
[Black "Dahlhaus, Friedhelm"]
[Result "1-0"]
[WhiteElo "2142"]
[BlackElo "2120"]
[EventDate "2001.02.26"]
[PlyCount "73"]

1.e4 e5 2.Nc3 Nf6 3.Bc4 Bc5 4.d3 Nc6 5.f4 d6 6.f5 Na5 7.Qf3 c6 8.a3 Nxc4 
9.dxc4 d5 10.cxd5 cxd5 11.Nxd5 Nxd5 12.exd5 O-O 13.Ne2 e4 14.Qxe4 Re8 15.
Qd3 Qe7 16.Rf1 b5 17.Kd1 Bb7 18.Nc3 Rad8 19.f6 Qe5 20.Bf4 Qh5+ 21.Kc1 a6 
22.Qg3 g6 23.d6 Re6 24.Rd1 Qf5 25.d7 Bc6 26.b4 Bb6 27.Kb2 Rxd7 28.Rxd7 
Bxd7 29.Rd1 Bc6 30.Bg5 Re8 31.Qh4 h5 32.Rd6 Re6 33.Rxe6 Qxe6 34.Qf4 Qd7 
35.Bh6 Bd4 36.Bg7 Qe6 37.Qxd4 1-0

[Event "EU-chT Seniors 03rd"]
[Site "Dresden"]
[Date "2001.03.01"]
[Round "5.1"]
[White "Kahn, Manfred"]
[Black "Hecht, Hans Joachim"]
[Result "0-1"]
[WhiteElo "2107"]
[BlackElo "2436"]
[EventDate "2001.02.26"]
[PlyCount "69"]

1.c4 Nf6 2.Nc3 e6 3.d4 Bb4 4.Bg5 h6 5.Bd2 d5 6.e3 O-O 7.Nf3 c5 8.dxc5 Bxc5
9.Rc1 Nc6 10.cxd5 exd5 11.Be2 Re8 12.Nb5 Ne4 13.O-O Bg4 14.Be1 Rc8 15.h3 
Bh5 16.b4 Bb6 17.a4 Ng3 18.a5 Nxe2+ 19.Qxe2 Bc7 20.Nxc7 Nd4 21.Qd1 Nxf3+ 
22.gxf3 Rxc7 23.Bc3 Qg5+ 24.Kh2 Rxc3 25.Rxc3 Qe5+ 26.f4 Qxc3 27.Qxh5 d4 
28.Qb5 Re6 29.f5 Qc7+ 30.Kg2 Re5 31.Qd3 Qc6+ 32.Kg1 Qf3 33.Qd1 Qxh3 34.
Qxd4 Rxf5 35.f4 0-1

[Event "EU-chT Seniors 03rd"]
[Site "Dresden"]
[Date "2001.03.01"]
[Round "5.1"]
[White "Langmann, Claus"]
[Black "Hunold, Rolf"]
[Result "0-1"]
[WhiteElo "2001"]
[BlackElo "1979"]
[EventDate "2001.02.26"]
[PlyCount "70"]

1.e4 c5 2.Nf3 d6 3.d4 cxd4 4.Nxd4 Nf6 5.Nc3 a6 6.Bg5 e6 7.Qd3 Be7 8.f4 
Nbd7 9.O-O-O Qc7 10.f5 e5 11.Nb3 b5 12.g4 h6 13.Bh4 Bb7 14.a3 Rc8 15.Bg2 
Nb6 16.Bxf6 gxf6 17.Na5 Ba8 18.Rd2 Kf8 19.Rhd1 Kg7 20.Kb1 Rb8 21.Rf2 Rhc8 
22.h4 Nc4 23.Nxc4 bxc4 24.Qe3 Qb6 25.Qc1 Qa7 26.Rdf1 d5 27.Nxd5 Bxd5 28.
exd5 Bxa3 29.c3 Rb3 30.Ka2 Bc5 31.Re2 a5 32.Be4 a4 33.Bc2 Rcb8 34.Bxb3 
axb3+ 35.Kb1 Qa2# 0-1

[Event "EU-chT Seniors 03rd"]
[Site "Dresden"]
[Date "2001.03.01"]
[Round "5.1"]
[White "Neudel, Bernd"]
[Black "Rother, Martin"]
[Result "0-1"]
[WhiteElo "1782"]
[BlackElo "1888"]
[EventDate "2001.02.26"]
[PlyCount "52"]

1.d4 Nf6 2.c4 g6 3.Nc3 Bg7 4.e4 d6 5.f3 Nbd7 6.Be3 O-O 7.Nge2 c5 8.d5 Ne5 
9.b3 Ne8 10.Qd2 f5 11.Bh6 Bxh6 12.Qxh6 Nd3+ 13.Kd2 Ne5 14.h4 Nf6 15.Qe3 
Nh5 16.Kc2 fxe4 17.Nxe4 Bf5 18.g4 Bxe4+ 19.fxe4 Rf3 20.Qd2 Nxg4 21.Bh3 
Nhf6 22.Bxg4 Nxg4 23.h5 Qf8 24.hxg6 Ne3+ 25.Kb2 Qf6+ 26.Ka3 Nxc4+ 0-1

[Event "EU-chT Seniors 03rd"]
[Site "Dresden"]
[Date "2001.03.01"]
[Round "5.1"]
[White "Rosen, Willy"]
[Black "Delander, Adolf"]
[Result "1/2-1/2"]
[WhiteElo "2263"]
[BlackElo "2066"]
[EventDate "2001.02.26"]
[PlyCount "33"]

1.e4 c6 2.d4 d5 3.exd5 cxd5 4.c4 Nf6 5.Nc3 Nc6 6.Nf3 e6 7.Bg5 Be7 8.Bd3 
dxc4 9.Bxc4 O-O 10.O-O b6 11.Re1 Bb7 12.a3 Rc8 13.Qd3 Nd5 14.Bxe7 Ncxe7 
15.Nxd5 Bxd5 16.Bxd5 Qxd5 17.Rad1 1/2-1/2

[Event "EU-chT Seniors 03rd"]
[Site "Dresden"]
[Date "2001.03.01"]
[Round "5.1"]
[White "Rotstein, Jefim"]
[Black "Biebinger, Gerhard"]
[Result "1-0"]
[WhiteElo "2344"]
[BlackElo "2344"]
[EventDate "2001.02.26"]
[PlyCount "81"]

1.e4 e6 2.d3 b6 3.Nf3 Bb7 4.g3 g6 5.Bg2 Bg7 6.O-O d6 7.c4 Nd7 8.Nc3 Ne7 9.
d4 O-O 10.Be3 a6 11.Rc1 e5 12.Qd2 exd4 13.Nxd4 Ne5 14.b3 Ng4 15.Bf4 Nc6 
16.Nxc6 Bxc6 17.h3 Ne5 18.Be3 Nd7 19.Nd5 a5 20.Rfe1 Nc5 21.Bg5 f6 22.Be3 
Qd7 23.Rcd1 Rae8 24.Bd4 Bxd5 25.exd5 Rxe1+ 26.Rxe1 Re8 27.Rxe8+ Qxe8 28.
Bxc5 bxc5 29.Qxa5 f5 30.Qxc7 Bd4 31.Qxd6 Qe1+ 32.Kh2 Qxf2 33.h4 Be3 34.Kh3
Kg7 35.Qe7+ Kh6 36.d6 g5 37.Qe6+ Kg7 38.hxg5 Bxg5 39.d7 h5 40.Qe5+ Kh7 41.
Qe8 1-0

[Event "EU-chT Seniors 03rd"]
[Site "Dresden"]
[Date "2001.03.01"]
[Round "5.1"]
[White "Uhlmann, Wolfgang"]
[Black "Vasiukov, Evgeni"]
[Result "1/2-1/2"]
[WhiteElo "2412"]
[BlackElo "2500"]
[EventDate "2001.02.26"]
[PlyCount "64"]

1.c4 f5 2.d4 Nf6 3.g3 g6 4.Nc3 Bg7 5.Bg2 O-O 6.Nf3 d6 7.d5 Na6 8.Be3 Bd7 
9.O-O c5 10.a3 h6 11.Ne1 Kh7 12.Nd3 Qc8 13.Nf4 Rb8 14.Rb1 Nc7 15.b4 Ng4 
16.Bd2 cxb4 17.axb4 Ne8 18.Qb3 Ne5 19.c5 dxc5 20.bxc5 Qxc5 21.Be3 Qc4 22.
Bxa7 Rc8 23.Qxc4 Rxc4 24.Nd1 Nd6 25.Ne3 Ra4 26.Bc5 b5 27.Ne6 Rc8 28.Bb4 
Bf6 29.Rfd1 Kg8 30.Nd4 Nec4 31.Nec2 Kf7 32.Nc6 Ke8 1/2-1/2

[Event "EU-chT Seniors 03rd"]
[Site "Dresden"]
[Date "2001.03.01"]
[Round "5.1"]
[White "Zaitsev, Igor A"]
[Black "Weber, Bernd"]
[Result "1-0"]
[WhiteElo "2418"]
[BlackElo "2146"]
[EventDate "2001.02.26"]
[PlyCount "63"]

1.e4 e5 2.Nf3 Nc6 3.Bb5 a6 4.Ba4 d6 5.Nc3 Bg4 6.h3 Bd7 7.Bxc6 bxc6 8.d4 f6
9.Nh4 g6 10.f4 Bg7 11.O-O Nh6 12.f5 g5 13.dxe5 dxe5 14.Nf3 Nf7 15.Be3 Bf8 
16.Qe2 h5 17.Rad1 Bd6 18.Na4 Qb8 19.b3 Qb4 20.c3 Qb7 21.Ne1 Rd8 22.Nd3 Bc8
23.Nac5 Bxc5 24.Nxc5 Qb5 25.c4 Qb8 26.Ne6 Rxd1 27.Rxd1 Rh7 28.Qd3 Bxe6 29.
fxe6 Nd8 30.Qf1 Rh6 31.Bxg5 Rg6 32.Qf5 1-0

[Event "EU-chT Seniors 03rd"]
[Site "Dresden"]
[Date "2001.03.01"]
[Round "5.2"]
[White "Biermann, Klaus"]
[Black "Weigel, Hans Juergen"]
[Result "1/2-1/2"]
[WhiteElo "2027"]
[BlackElo "1958"]
[EventDate "2001.02.26"]
[PlyCount "82"]

1.d4 d5 2.Nf3 Bf5 3.c4 e6 4.Nc3 Nf6 5.Qb3 Nc6 6.Bg5 dxc4 7.Qxc4 Be7 8.a3 
O-O 9.e3 Ne4 10.Nxe4 Bxe4 11.Bxe7 Nxe7 12.Be2 Nf5 13.Rc1 c6 14.Bd3 Bxf3 
15.gxf3 Qf6 16.Bxf5 Qxf5 17.Ke2 Rad8 18.Qc5 Qd5 19.f4 a6 20.Qxd5 Rxd5 21.
Rc2 Rfd8 22.Kf3 Rb5 23.b4 Kf8 24.Rb1 Rbd5 25.Rc5 Ke7 26.Ke4 h5 27.Kd3 Rh8 
28.Rg1 g6 29.h4 Ra8 30.Rb1 Kd7 31.e4 Rxc5 32.bxc5 Kc7 33.a4 a5 34.Kc4 Rd8 
35.Rg1 Re8 36.Rg5 Kd7 37.f3 Ke7 38.Rg2 Rd8 39.Rg5 Kf6 40.Rg1 Rd7 41.Rb1 
Ke7 1/2-1/2

[Event "EU-chT Seniors 03rd"]
[Site "Dresden"]
[Date "2001.03.01"]
[Round "5.2"]
[White "Chernikov, Oleg L"]
[Black "Baumgartner, Heinz"]
[Result "1/2-1/2"]
[WhiteElo "2424"]
[BlackElo "2366"]
[EventDate "2001.02.26"]
[PlyCount "47"]

1.Nf3 Nf6 2.c4 c5 3.d4 cxd4 4.Nxd4 Nc6 5.Nc3 e6 6.Ndb5 Bb4 7.a3 Bxc3+ 8.
Nxc3 d5 9.e3 O-O 10.Be2 dxc4 11.Bxc4 Qxd1+ 12.Kxd1 Bd7 13.Ke2 Rac8 14.Ba2 
e5 15.Bd2 Rfe8 16.Rhd1 e4 17.Nb5 Ne5 18.Nd4 Nc4 19.Bxc4 Rxc4 20.Rdc1 Rec8 
21.Rxc4 Rxc4 22.b3 Rc8 23.Rc1 Rxc1 24.Bxc1 1/2-1/2

[Event "EU-chT Seniors 03rd"]
[Site "Dresden"]
[Date "2001.03.01"]
[Round "5.2"]
[White "Duemmke, Juergen"]
[Black "Hesse, Manfred"]
[Result "1-0"]
[WhiteElo "2050"]
[BlackElo "1825"]
[EventDate "2001.02.26"]
[PlyCount "93"]

1.d4 Nf6 2.Nf3 d5 3.e3 Bg4 4.Be2 Nbd7 5.Nbd2 e6 6.O-O Bd6 7.c4 c5 8.cxd5 
exd5 9.dxc5 Bxc5 10.Nb3 Be7 11.h3 Bh5 12.Bd2 Ne4 13.Ba5 b6 14.Be1 Nef6 15.
Nbd4 O-O 16.Nc6 Qe8 17.Nxe7+ Qxe7 18.Qd4 Rfd8 19.Bb4 Qe4 20.Bd3 Qxd4 21.
Nxd4 Ne5 22.Ba6 Rd7 23.f4 Nc4 24.Bxc4 dxc4 25.g4 Bxg4 26.hxg4 Nxg4 27.Nc2 
Rad8 28.Bc3 Rd6 29.f5 f6 30.Rf4 Ne5 31.Nd4 g5 32.fxg6 hxg6 33.Raf1 Kg7 34.
Nb5 Re6 35.Rxf6 Re7 36.Nxa7 Rxa7 37.Bxe5 Kh6 38.a3 b5 39.Rb6 Re8 40.Bf4+ 
Kh7 41.Rxb5 c3 42.bxc3 Rxa3 43.Rb7+ Kg8 44.Rc7 Ra2 45.Rf2 Raa8 46.Rb2 Rac8
47.Rbb7 1-0